Pursuing elusive justice : (Record no. 75104)

MARC details
000 -LEADER
fixed length control field 00699nam a22002057a 4500
005 - DATE AND TIME OF LATEST TRANSACTION
control field 20130506150738.0
010 ## - LCCN (DPL NO)
LC control number ENG-106977
020 ## - INTERNATIONAL STANDARD BOOK NUMBER
International Standard Book Number 978019809996
Terms of availability 995.00
020 ## - INTERNATIONAL STANDARD BOOK NUMBER
International Standard Book Number 0198079990
Terms of availability 995.00
035 ## - SYSTEM CONTROL NUMBER
System control number EN-90510
037 ## - SOURCE OF ACQUISITION
Source of stock number/acquisition DBAD/PUB
245 10 - TITLE STATEMENT
Title Pursuing elusive justice :
Statement of responsibility, etc edited by Vahida Nainar [and] Saumya Uma ; foreworded by Upendra Bax
Remainder of title mass crimes in India and relevance of International standards /
260 ## - PUBLICATION, DISTRIBUTION, ETC. (IMPRINT)
Place of publication, distribution, etc New Delhi
Name of publisher, distributor, etc Oxford University Press
Date of publication, distribution, etc 2013
270 ## - ADDRESS
Address YMCA Library Building, 1 Jai Singh Road
City New Delhi
Postal code 110001
300 ## - PHYSICAL DESCRIPTION
Extent xiii,475p.
Dimensions 22cm(Hb)
500 ## - GENERAL NOTE
General note Includes index
700 ## - ADDED ENTRY--PERSONAL NAME
Personal name Nainar, Vahida
700 ## - ADDED ENTRY--PERSONAL NAME
Personal name Saumya Uma
942 ## - ADDED ENTRY ELEMENTS (KOHA)
Source of classification or shelving scheme Dewey Decimal Classification
Item type English Books
Call number suffix PUR
Holdings
Withdrawn status Lost status Not for loan Collection code Home library Current library Date acquired Source of acquisition Cost, normal purchase price Full call number Barcode Copy number Cost, replacement price Koha item type
    Not For Loan Non-fiction D.B.Act.Division D.B.Act.Division 03/05/2013 DBAD/PUB 995.00 PUR EN-90510 1 995.00 English Books

© Delhi Public Library
Hit Counter
free hit counter